[Event "4NCL Division 3s"]
[Site "Daventry Court ENG"]
[Date "2014.02.15"]
[Round "5.165"]
[White "Zhang, Anthony Y"]
[Black "Delay, Guillaume"]
[Result "0-1"]
[WhiteElo "1889"]
[BlackElo "2047"]
[PlyCount "110"]
[EventDate "2014.02.15"]
[WhiteTeam "Sandhurst Scorpions"]
[BlackTeam "Bristol University"]

1. d4 Nf6 2. Nf3 c5 3. d5 e6 4. c4 exd5 5. cxd5 d6 6. Nc3 g6 7. Bf4 a6 8. a4
Bg7 9. h3 Qe7 10. e3 O-O 11. Be2 Nfd7 12. O-O f5 13. Re1 Ne5 14. Nd2 Nbd7 15.
Qc2 b6 16. Bg3 Nf6 17. Bxe5 dxe5 18. Qb3 Qd8 19. Nc4 Nd7 20. e4 fxe4 21. Bg4
Rb8 22. Nxe4 Kh8 23. Ned6 Bb7 24. Nxb7 Rxb7 25. Na5 Rc7 26. d6 Rc8 27. Nc4 Rb8
28. Rad1 b5 29. axb5 axb5 30. Na3 Rf4 31. Qd5 Rb4 32. Re2 c4 33. Qd2 Rb3 34.
Bxd7 Qxd7 35. Qc2 Rf8 36. Nb1 Rf4 37. Nd2 Rd3 38. Ne4 Rd4 39. g3 Rf3 40. Ng5
Rfd3 41. Rxd3 Rxd3 42. Rd2 Rd4 43. Qc3 Bf6 44. Nf3 Rxd6 45. Rxd6 Qxd6 46. Qc2
Qd5 47. Nd2 Be7 48. Ne4 Kg7 49. Kf1 Bc5 50. Ke2 Bd4 51. Nc3 Qg2 52. Ke1 Qg1+
53. Kd2 Qxf2+ 54. Kd1 Qf3+ 55. Ne2 Be3 0-1

[Event "4NCL Division 3s"]
[Site "Daventry Court ENG"]
[Date "2014.02.15"]
[Round "5.166"]
[White "Thompson, Robert"]
[Black "Gallagher, Daniel GH"]
[Result "1-0"]
[WhiteElo "1961"]
[BlackElo "1840"]
[PlyCount "85"]
[EventDate "2014.02.15"]
[WhiteTeam "Bristol University"]
[BlackTeam "Sandhurst Scorpions"]

1. Nf3 Nf6 2. c4 g6 3. g3 Bg7 4. Bg2 d6 5. d4 O-O 6. O-O Nbd7 7. Nc3 e5 8. e4
a6 9. h3 b5 10. cxb5 axb5 11. Qb3 c6 12. dxe5 dxe5 13. Be3 Qe7 14. Rac1 Bb7 15.
a3 Rfd8 16. Rfd1 h6 17. Ne1 Ne8 18. Nd3 Nc7 19. a4 Ba6 20. axb5 Nxb5 21. Nb4
Nd4 22. Bxd4 exd4 23. Nxc6 Qg5 24. Nd5 Rf8 25. f4 Qh5 26. g4 Qh4 27. e5 d3 28.
Ndb4 Qg3 29. Nxa6 Rxa6 30. Qxd3 Qxd3 31. Rxd3 Nb6 32. Ne7+ Kh7 33. Rd6 Rb8 34.
Nd5 Bf8 35. Rdc6 Nxd5 36. Rxa6 Nxf4 37. Bf1 Rxb2 38. Rf6 Ne2+ 39. Bxe2 Rxe2 40.
Rc7 Kg8 41. Rfxf7 Rxe5 42. Rf6 Rg5 43. Rc8 1-0

[Event "4NCL Division 3s"]
[Site "Daventry Court ENG"]
[Date "2014.02.15"]
[Round "5.167"]
[White "Golding, Alex"]
[Black "Meadows, Michael"]
[Result "1-0"]
[WhiteElo "1682"]
[BlackElo "1785"]
[PlyCount "89"]
[EventDate "2014.02.15"]
[WhiteTeam "Sandhurst Scorpions"]
[BlackTeam "Bristol University"]

1. e4 c5 2. Nf3 d6 3. d4 cxd4 4. Nxd4 Nf6 5. Nc3 g6 6. f3 Bg7 7. Be3 Nc6 8. Qd2
O-O 9. g4 Bd7 10. O-O-O Rc8 11. h4 Ne5 12. h5 Rxc3 13. Qxc3 Nxf3 14. Nxf3 Bxg4
15. Bd4 Nxe4 16. Qe3 Nf6 17. hxg6 hxg6 18. Bh3 Bh5 19. Bc3 Qc7 20. Bg2 Ng4 21.
Qe1 Bxc3 22. Qxc3 Qxc3 23. bxc3 Nf2 24. Rxh5 gxh5 25. Rd5 Ne4 26. Nd4 Nxc3 27.
Rg5+ Kh7 28. Rxh5+ Kg6 29. Ra5 e5 30. Nb3 Rb8 31. Rxa7 f5 32. Kd2 Nb5 33. Rxb7
Rxb7 34. Bxb7 e4 35. c4 Na3 36. Bd5 Kf6 37. Nd4 Ke5 38. Nc6+ Kf4 39. Be6 e3+
40. Kd3 Kf3 41. Bxf5 Kf2 42. Nd4 Ke1 43. Nc2+ Nxc2 44. Kxc2 Kf2 45. Bd3 1-0

[Event "4NCL Division 3s"]
[Site "Daventry Court ENG"]
[Date "2014.02.15"]
[Round "5.168"]
[White "Humphreys, Jerry"]
[Black "Samadov, Samir"]
[Result "1-0"]
[WhiteElo "2067"]
[BlackElo "1631"]
[PlyCount "165"]
[EventDate "2014.02.15"]
[WhiteTeam "Bristol University"]
[BlackTeam "Sandhurst Scorpions"]

1. e4 e6 2. d4 d5 3. Nd2 c5 4. exd5 exd5 5. Ngf3 c4 6. c3 Bf5 7. Be2 Nf6 8. O-O
Bd6 9. Re1 O-O 10. Nf1 Qc7 11. Ng3 Be4 12. Bg5 Nbd7 13. Bxf6 Nxf6 14. Ne5 Bxe5
15. dxe5 Qxe5 16. f3 Bg6 17. Bxc4 Qc7 18. Bb3 Rfe8 19. Qd4 Qb6 20. Qxb6 axb6
21. Rad1 Rxe1+ 22. Rxe1 Rd8 23. Re7 Rb8 24. Ne2 Kf8 25. Re5 Rd8 26. Nd4 Bd3 27.
a3 Re8 28. Rxe8+ Kxe8 29. Kf2 Ke7 30. Ke3 Bg6 31. Ne2 Kd6 32. Kd4 Bf5 33. Ng3
Be6 34. Nf1 Nh5 35. g3 Nf6 36. Ne3 h5 37. c4 dxc4 38. Bxc4 Nd7 39. Bxe6 fxe6
40. Nc4+ Ke7 41. Ne5 Nf6 42. Kc4 Nd5 43. Kb5 Kd6 44. Nc4+ Kc7 45. f4 g6 46. Ne5
Ne7 47. a4 Nc6 48. Nxg6 Nd4+ 49. Kc4 Nf3 50. h3 Ng1 51. g4 hxg4 52. hxg4 Nh3
53. f5 exf5 54. gxf5 Ng5 55. Kd5 Kd7 56. f6 Kc7 57. Ne5 Nh7 58. f7 Nf8 59. b3
Nh7 60. Ng6 Nf6+ 61. Kc4 Nd7 62. f8=Q Nxf8 63. Nxf8 Kc6 64. b4 Kc7 65. Kb5 Kc8
66. Kxb6 Kb8 67. Nd7+ Ka8 68. Nc5 Kb8 69. Nxb7 Ka8 70. Nd6 Kb8 71. Nb5 Ka8 72.
Nc7+ Kb8 73. a5 Kc8 74. a6 Kd7 75. a7 Kd6 76. a8=Q Ke5 77. Qf8 Kd4 78. Qe7 Kd3
79. Kc5 Kc3 80. Qe3+ Kc2 81. Kc4 Kb1 82. Kb3 Ka1 83. Qe1# 1-0

[Event "4NCL Division 3s"]
[Site "Daventry Court ENG"]
[Date "2014.02.15"]
[Round "5.169"]
[White "Purvis, Anna"]
[Black "Young, Daniel J"]
[Result "0-1"]
[WhiteElo "1481"]
[BlackElo "1761"]
[PlyCount "46"]
[EventDate "2014.02.15"]
[WhiteTeam "Sandhurst Scorpions"]
[BlackTeam "Bristol University"]

1. d4 Nf6 2. c4 g6 3. Nc3 Bg7 4. e4 d6 5. f3 O-O 6. Be3 Nc6 7. Qd2 a6 8. a3 e5
9. d5 Nd4 10. Bxd4 exd4 11. Nce2 Re8 12. Nc1 c5 13. Nb3 Bd7 14. Bd3 Nh5 15. Rb1
f5 16. Ne2 fxe4 17. Bxe4 Rxe4 18. fxe4 Qh4+ 19. Kd1 Qxe4 20. Rc1 Ba4 21. Qc2 d3
22. Qd2 Bxb3+ 23. Ke1 Bh6 0-1

[Event "4NCL Division 3s"]
[Site "Daventry Court ENG"]
[Date "2014.02.15"]
[Round "5.175"]
[White "Cooper, Lawrence H"]
[Black "Mercs, Peter J"]
[Result "1-0"]
[WhiteElo "2317"]
[BlackElo "2060"]
[PlyCount "69"]
[EventDate "2014.02.15"]
[WhiteTeam "Midland Monarchs"]
[BlackTeam "Ashfield-Breadsall"]

1. d4 Nf6 2. c4 e6 3. Nf3 c5 4. d5 exd5 5. cxd5 d6 6. e4 g6 7. Bd3 Bg7 8. O-O
O-O 9. Nc3 Bg4 10. h3 Bxf3 11. Qxf3 a6 12. Bg5 Nbd7 13. Qe3 b5 14. a4 b4 15.
Nb1 Re8 16. Qf4 Qc7 17. a5 Rac8 18. Bxa6 Rxe4 19. Bxc8 Rxf4 20. Bxd7 Nxd7 21.
Bxf4 Bxb2 22. Ra2 Bd4 23. Nd2 Qb7 24. a6 Qxd5 25. Ra5 Qa8 26. Bxd6 Qa7 27. Nc4
Kg7 28. Re1 Bf6 29. Re8 b3 30. Re3 b2 31. Rb3 Bd8 32. Raa3 Nb6 33. Nxb6 Bxb6
34. Rxb2 c4 35. Rxb6 1-0

[Event "4NCL Division 3s"]
[Site "Daventry Court ENG"]
[Date "2014.02.15"]
[Round "5.176"]
[White "Walker, Andrew N"]
[Black "Evans, Nicholas T"]
[Result "1/2-1/2"]
[WhiteElo "2108"]
[BlackElo "1824"]
[PlyCount "70"]
[EventDate "2014.02.15"]
[WhiteTeam "Ashfield-Breadsall"]
[BlackTeam "Midland Monarchs"]

1. e4 e5 2. Nf3 Nc6 3. Bb5 Nf6 4. O-O Nxe4 5. Re1 Nd6 6. Nxe5 Be7 7. Ba4 O-O 8.
d4 Nf5 9. c3 Nxe5 10. dxe5 d6 11. Bf4 Bg5 12. Qd2 Bxf4 13. Qxf4 d5 14. Nd2 c5
15. Nf3 Ne7 16. Bc2 Qb6 17. b3 h6 18. Nh4 Qe6 19. Qg3 Qg4 20. Qxg4 Bxg4 21. h3
Be6 22. f4 g5 23. fxg5 hxg5 24. Nf3 g4 25. Ng5 gxh3 26. Nxh3 Bxh3 27. gxh3 Ng6
28. Bxg6 fxg6 29. Rad1 Rad8 30. Re3 Rf5 31. e6 Re8 32. Kg2 Kf8 33. Red3 Rd8 34.
Rg3 Rf6 35. Rg5 Rxe6 1/2-1/2

[Event "4NCL Division 3s"]
[Site "Daventry Court ENG"]
[Date "2014.02.15"]
[Round "5.177"]
[White "Mirza, Diana"]
[Black "Burke, Steven J"]
[Result "0-1"]
[WhiteElo "1773"]
[BlackElo "2000"]
[PlyCount "86"]
[EventDate "2014.02.15"]
[WhiteTeam "Midland Monarchs"]
[BlackTeam "Ashfield-Breadsall"]

1. e4 c5 2. c4 Nc6 3. Nc3 g6 4. g3 Bg7 5. Bg2 d6 6. Nge2 Bg4 7. h3 Be6 8. d3
Qc8 9. f4 h5 10. Nd5 Nh6 11. Nec3 Nd4 12. Be3 Bxd5 13. cxd5 f5 14. Ne2 Nxe2 15.
Qxe2 Qc7 16. O-O Rc8 17. Rac1 Qa5 18. d4 Qxa2 19. e5 O-O 20. dxc5 dxe5 21. fxe5
Nf7 22. e6 Nd8 23. Ra1 Qxb2 24. Qxb2 Bxb2 25. Rxa7 Be5 26. Rf3 g5 27. Bxg5 Bd4+
28. Be3 Bxc5 29. Bxc5 Rxc5 30. Rf4 Rc1+ 31. Kh2 Kg7 32. Rf2 Kf6 33. Re2 Rc3 34.
Ra8 Rg8 35. d6 Rcxg3 36. Bxb7 Nxb7 37. dxe7 Rxh3+ 38. Kxh3 Rxa8 39. Kh4 Nd6 40.
Re1 Re8 41. Kg3 Rxe7 42. Rh1 Kg5 43. Re1 Ne4+ 0-1

[Event "4NCL Division 3s"]
[Site "Daventry Court ENG"]
[Date "2014.02.15"]
[Round "5.178"]
[White "Jarvis, Derek A"]
[Black "Jina, Taran"]
[Result "1-0"]
[WhiteElo "1908"]
[BlackElo "1717"]
[PlyCount "97"]
[EventDate "2014.02.15"]
[WhiteTeam "Ashfield-Breadsall"]
[BlackTeam "Midland Monarchs"]

1. e4 e5 2. Nf3 Nc6 3. d4 exd4 4. Nxd4 Bc5 5. Nxc6 Qf6 6. Qf3 Qxf3 7. gxf3 dxc6
8. Be3 Bxe3 9. fxe3 Be6 10. f4 g6 11. Nd2 O-O-O 12. Bd3 c5 13. O-O-O Ne7 14. h4
a6 15. Bc4 Bxc4 16. Nxc4 Nc6 17. a4 b6 18. h5 Kb7 19. Rxd8 Rxd8 20. hxg6 hxg6
21. Rh7 Rd7 22. c3 b5 23. axb5 axb5 24. Nd2 Nd8 25. Kd1 Ne6 26. Ke2 c4 27. Nf3
Nc5 28. Ne5 Rd6 29. Nxf7 Ra6 30. Kf3 Nd3 31. e5 Kc8 32. Ng5 Nxb2 33. Rh8+ Kd7
34. e6+ Ke7 35. Rh7+ Ke8 36. Rxc7 Na4 37. Ke4 Nxc3+ 38. Ke5 Rb6 39. Nh7 Kd8 40.
Ra7 Na4 41. e7+ Ke8 42. Nf6+ Rxf6 43. Kxf6 Nb6 44. Rb7 Nd5+ 45. Ke6 Nxe7 46.
Rxe7+ Kd8 47. Rb7 c3 48. Rxb5 c2 49. Rc5 1-0

[Event "4NCL Division 3s"]
[Site "Daventry Court ENG"]
[Date "2014.02.15"]
[Round "5.179"]
[White "Mirza, Gabriel"]
[Black "Taylor, Robert P"]
[Result "1/2-1/2"]
[WhiteElo "1744"]
[BlackElo "1902"]
[PlyCount "46"]
[EventDate "2014.02.15"]
[WhiteTeam "Midland Monarchs"]
[BlackTeam "Ashfield-Breadsall"]

1. Nc3 d5 2. e4 d4 3. Nce2 e5 4. Nf3 Nc6 5. Ng3 a6 6. Bc4 h6 7. Bd5 Bd6 8. a3
Nge7 9. Ba2 Bd7 10. d3 Qc8 11. O-O Be6 12. Bxe6 Qxe6 13. Nh4 g5 14. Nhf5 Nxf5
15. Nxf5 Qg6 16. Qg4 Ne7 17. Ng3 Ng8 18. Bd2 Nf6 19. Qf5 Nh5 20. Nxh5 Qxh5 21.
Rfd1 Rg8 22. Rac1 Qg6 23. Qxg6 Rxg6 1/2-1/2

[Event "4NCL Division 3s"]
[Site "Daventry Court ENG"]
[Date "2014.02.15"]
[Round "5.180"]
[White "Graham, Neil"]
[Black "Jina, Asha"]
[Result "1/2-1/2"]
[WhiteElo "1853"]
[BlackElo "1507"]
[PlyCount "61"]
[EventDate "2014.02.15"]
[WhiteTeam "Ashfield-Breadsall"]
[BlackTeam "Midland Monarchs"]

1. d4 Nf6 2. f3 d5 3. e4 dxe4 4. Nc3 c6 5. fxe4 e5 6. dxe5 Qxd1+ 7. Nxd1 Nxe4
8. Bd3 Nc5 9. Nf2 Be6 10. Nf3 Nbd7 11. O-O g6 12. b4 Nxd3 13. Nxd3 Bg7 14. Bb2
O-O 15. a3 Rfe8 16. Rad1 Bd5 17. Rfe1 Re7 18. Nd2 Rae8 19. c4 Be6 20. Ne4 Bg4
21. Nd6 Bxd1 22. Nxe8 Rxe8 23. Rxd1 Nxe5 24. Nxe5 Bxe5 25. Bxe5 Rxe5 26. Rd8+
Kg7 27. Rd7 Re3 28. a4 Re4 29. Rxb7 Rxc4 30. a5 Kf6 31. a6 1/2-1/2

[Event "4NCL Division 3s"]
[Site "Daventry Court ENG"]
[Date "2014.02.15"]
[Round "5.187"]
[White "Gostelow, David W"]
[Black "Anilkumar, Anantha P (jnr)"]
[Result "0-1"]
[WhiteElo "2059"]
[BlackElo "1734"]
[PlyCount "78"]
[EventDate "2014.02.15"]
[WhiteTeam "Shropshire"]
[BlackTeam "KJCA Knights"]

1. d4 Nf6 2. Bf4 g6 3. Nf3 Bg7 4. e3 O-O 5. Be2 d6 6. h3 Nbd7 7. O-O Qe8 8. c4
e5 9. Bh2 Ne4 10. Nbd2 f5 11. Qc2 Nxd2 12. Qxd2 Qe7 13. b4 Re8 14. Rac1 e4 15.
Ne1 Rd8 16. c5 Nf8 17. a4 Be6 18. Rc3 Rac8 19. Nc2 Bf7 20. Na3 dxc5 21. bxc5
Ne6 22. Qc2 b6 23. Ba6 Ra8 24. cxb6 axb6 25. Bb5 c5 26. Be5 cxd4 27. exd4 Nxd4
28. Bxd4 Bxd4 29. Nc4 Bxc3 30. Qxc3 Rac8 31. Rc1 Rc5 32. Qb4 Qc7 33. g3 Rd4 34.
Qb2 Rdxc4 35. Bxc4 Rxc4 36. Rd1 Rc3 37. Kg2 e3 38. Qb5 exf2 39. Rd7 Qxg3+ 0-1

[Event "4NCL Division 3s"]
[Site "Daventry Court ENG"]
[Date "2014.02.15"]
[Round "5.190"]
[White "Anilkumar, Anantha PP (snr)"]
[Black "Ross, Stuart"]
[Result "0-1"]
[WhiteElo "1337"]
[BlackElo "1650"]
[PlyCount "66"]
[EventDate "2014.02.15"]
[WhiteTeam "KJCA Knights"]
[BlackTeam "Shropshire"]

1. e4 c5 2. Nf3 e6 3. d4 cxd4 4. Nxd4 a6 5. Bd3 Bc5 6. Nb3 Be7 7. O-O d6 8. f4
Qc7 9. Be3 Nf6 10. Nc3 Nc6 11. Qf3 Bd7 12. Rae1 Nb4 13. Rc1 Rc8 14. a3 Nxd3 15.
cxd3 Qb8 16. f5 O-O 17. Qh3 exf5 18. exf5 g6 19. Nd4 h5 20. Qg3 Ng4 21. fxg6
fxg6 22. Nd5 Rce8 23. Nxe7+ Rxe7 24. Bf4 Ne5 25. Bxe5 dxe5 26. Qxg6+ Rg7 27.
Qxh5 exd4 28. Qd5+ Rff7 29. Rce1 Bc6 30. Qc4 Rxg2+ 31. Kh1 Rc2+ 32. Re4 Rxc4
33. dxc4 Bxe4+ 0-1

[Event "4NCL Division 3s"]
[Site "Daventry Court ENG"]
[Date "2014.02.15"]
[Round "5.195"]
[White "Henderson, Ian R"]
[Black "Ireland, David J"]
[Result "1-0"]
[WhiteElo "2063"]
[BlackElo "1907"]
[PlyCount "73"]
[EventDate "2014.02.15"]
[WhiteTeam "Surbiton"]
[BlackTeam "Throw in the Tal"]

1. d4 Nf6 2. c4 c5 3. d5 b5 4. Nf3 bxc4 5. Nc3 d6 6. e4 g6 7. Be2 Bg7 8. Nd2
O-O 9. O-O Ba6 10. Nxc4 Nbd7 11. Bg5 Bxc4 12. Bxc4 Nb6 13. Be2 e6 14. dxe6 fxe6
15. a4 Qe7 16. f4 h6 17. Bh4 Rad8 18. Qc2 Kh7 19. e5 Nbd5 20. Nxd5 exd5 21.
exf6 Bxf6 22. Bxf6 Qxf6 23. Qd2 d4 24. Rae1 d5 25. Bg4 Rfe8 26. f5 Rxe1 27.
Qxe1 g5 28. Qe6 Kg7 29. Re1 d3 30. Qxf6+ Kxf6 31. Re6+ Kf7 32. Bh5+ Kf8 33.
Rxh6 d2 34. Rh8+ Ke7 35. Rxd8 Kxd8 36. Kf2 c4 37. Ke3 1-0

[Event "4NCL Division 3s"]
[Site "Daventry Court ENG"]
[Date "2014.02.15"]
[Round "5.206"]
[White "Adams, Mark A"]
[Black "Blake, J Morgan"]
[Result "1-0"]
[WhiteElo "1972"]
[BlackElo "1677"]
[PlyCount "89"]
[EventDate "2014.02.15"]
[WhiteTeam "The Full Ponty"]
[BlackTeam "Sussex Smart Survivors 2"]

1. e4 e6 2. d4 d5 3. Nc3 Nf6 4. Bg5 Be7 5. e5 Ne4 6. Bxe7 Qxe7 7. Nxe4 dxe4 8.
c3 O-O 9. f4 exf3 10. Nxf3 c5 11. Qd2 cxd4 12. Nxd4 Qh4+ 13. Qf2 Qh5 14. Qe3
Nd7 15. Nf3 Nb6 16. O-O-O Bd7 17. Rd4 f5 18. exf6 Rxf6 19. Be2 Qa5 20. Kb1 Nd5
21. Qd2 Bc6 22. Re1 Nc7 23. Bd1 Bd5 24. b4 Qb5 25. Be2 Qc6 26. Ne5 Qe8 27. Bd3
b5 28. Ng4 Rf8 29. Ne3 Qd7 30. Qc2 h6 31. Rd1 a5 32. Nxd5 exd5 33. Be4 axb4 34.
Rxd5 Qe6 35. Rd6 b3 36. axb3 Qe5 37. Bxa8 Rxa8 38. Rd8+ Rxd8 39. Rxd8+ Kf7 40.
Qf2+ Kg6 41. Qg3+ Qxg3 42. hxg3 Ne6 43. Rb8 Ng5 44. Rxb5 Ne4 45. Kc2 1-0

[Event "4NCL Division 3s"]
[Site "Daventry Court ENG"]
[Date "2014.02.15"]
[Round "5.208"]
[White "Davies, Peter L"]
[Black "Dean, Michael J"]
[Result "1-0"]
[WhiteElo "1977"]
[BlackElo "1597"]
[PlyCount "62"]
[EventDate "2014.02.15"]
[WhiteTeam "The Full Ponty"]
[BlackTeam "Sussex Smart Survivors 2"]

1. d4 Nf6 2. c4 g6 3. Nc3 Bg7 4. g3 O-O 5. Bg2 d6 6. Nf3 Nbd7 7. O-O Rb8 8. e4
e5 9. h3 exd4 10. Nxd4 a6 11. b3 Re8 12. Bb2 Nc5 13. Re1 Nh5 14. Qd2 Be6 15.
Rad1 Qc8 16. g4 Bxg4 17. hxg4 Qxg4 18. Qe2 Qg5 19. Bc1 Qf6 20. Nd5 Qd8 21. Nf5
c6 22. Nxg7 Nxg7 23. Nf4 Qe7 24. Bb2 Qg5 25. Nh3 Qh4 26. Qf3 Nh5 27. Rxd6 Ne6
28. Rd7 Re7 29. Red1 Rxd7 30. Rxd7 Nef4 31. Nxf4 Nxf4 1-0

[Event "4NCL Division 3s"]
[Site "Daventry Court ENG"]
[Date "2014.02.15"]
[Round "5.209"]
[White "Howell, Matthew G"]
[Black "Thomas, Gary"]
[Result "0-1"]
[WhiteElo "1509"]
[BlackElo "1861"]
[PlyCount "54"]
[EventDate "2014.02.15"]
[WhiteTeam "Sussex Smart Survivors 2"]
[BlackTeam "The Full Ponty"]

1. e4 d6 2. d4 Nf6 3. Nc3 g6 4. Nf3 Bg7 5. Bc4 c6 6. Bb3 a5 7. a4 O-O 8. O-O
Na6 9. Bf4 Nc7 10. Qd2 b5 11. Rfe1 b4 12. Na2 Ne6 13. Bh6 Qb6 14. Rad1 d5 15.
exd5 cxd5 16. Bxg7 Kxg7 17. Re5 Bb7 18. h3 Ne4 19. Qe3 Rad8 20. Re1 f6 21. Rxd5
Rxd5 22. Qxe4 Re5 23. Qg4 Bxf3 24. Qxe6 Qxe6 25. dxe5 Bd5 26. exf6+ Qxf6 27. f3
Qd4+ 0-1

[Event "4NCL Division 3s"]
[Site "Daventry Court ENG"]
[Date "2014.02.15"]
[Round "5.225"]
[White "Livesey, R  Nigel"]
[Black "Cooper, David M"]
[Result "1/2-1/2"]
[WhiteElo "1892"]
[BlackElo "2055"]
[PlyCount "32"]
[EventDate "2014.02.15"]
[WhiteTeam "e2e4.org.uk 5"]
[BlackTeam "Warwickshire Select 2"]

1. c4 e5 2. g3 Nc6 3. Bg2 f5 4. d3 Nf6 5. Nc3 Bb4 6. Bd2 d6 7. Nd5 Bxd2+ 8.
Qxd2 O-O 9. Nf3 Ne7 10. Nxe7+ Qxe7 11. O-O c6 12. Rac1 Bd7 13. e3 Rae8 14. Rfd1
Nh5 15. Qa5 a6 16. a3 Qd8 1/2-1/2

[Event "4NCL Division 3s"]
[Site "Daventry Court ENG"]
[Date "2014.02.15"]
[Round "5.226"]
[White "Hurney, Kevin"]
[Black "Flynn, David"]
[Result "1/2-1/2"]
[WhiteElo "2013"]
[BlackElo "1895"]
[PlyCount "57"]
[EventDate "2014.02.15"]
[WhiteTeam "Warwickshire Select 2"]
[BlackTeam "e2e4.org.uk 5"]

1. e4 e6 2. Nc3 d5 3. Nf3 Nf6 4. e5 Nfd7 5. d4 c5 6. Bf4 Nc6 7. Bb5 Qb6 8. Bxc6
bxc6 9. Na4 Qa5+ 10. c3 cxd4 11. b4 Qc7 12. Qxd4 c5 13. bxc5 Nxc5 14. O-O Bd7
15. Nxc5 Bxc5 16. Qd3 a6 17. a4 h6 18. Rfb1 O-O 19. Qd2 Rfb8 20. Rxb8+ Rxb8 21.
g4 Qb6 22. g5 hxg5 23. Nxg5 Qb2 24. Qe1 Bxf2+ 25. Qxf2 Qxa1+ 26. Kg2 Qxc3 27.
Bd2 Qxe5 28. Qxf7+ Kh8 29. Qh5+ 1/2-1/2

[Event "4NCL Division 3s"]
[Site "Daventry Court ENG"]
[Date "2014.02.15"]
[Round "5.227"]
[White "Towers, Nigel S"]
[Black "Fallowfield, Jeremy R"]
[Result "1/2-1/2"]
[WhiteElo "1805"]
[BlackElo "2040"]
[PlyCount "54"]
[EventDate "2014.02.15"]
[WhiteTeam "e2e4.org.uk 5"]
[BlackTeam "Warwickshire Select 2"]

1. e4 e6 2. d4 d5 3. exd5 exd5 4. c4 Bb4+ 5. Nc3 Ne7 6. Bd3 Nbc6 7. Nge2 Bg4 8.
f3 Bf5 9. O-O Bxd3 10. Qxd3 Bxc3 11. bxc3 O-O 12. Bg5 dxc4 13. Qxc4 Qd5 14.
Qxd5 Nxd5 15. c4 Nb6 16. Rac1 Rfe8 17. Kf2 Nb4 18. Rfd1 Nxa2 19. Rc2 Nb4 20.
Rcc1 Na2 21. Rc2 Nb4 22. Rcc1 f6 23. Bf4 Re7 24. d5 Rae8 25. Nd4 N4xd5 26. cxd5
Nxd5 27. Bg3 c6 1/2-1/2

[Event "4NCL Division 3s"]
[Site "Daventry Court ENG"]
[Date "2014.02.15"]
[Round "5.238"]
[White "Breed, Greg J"]
[Black "Balouka-Myers, Reuben"]
[Result "1-0"]
[WhiteElo "1729"]
[BlackElo "1542"]
[PlyCount "63"]
[EventDate "2014.02.15"]
[WhiteTeam "Cambridge University 3"]
[BlackTeam "Barnet Knights 2"]

1. d4 f5 2. Nf3 g6 3. Bf4 Nf6 4. e3 Bg7 5. Nbd2 d6 6. Bc4 e6 7. Qe2 O-O 8. c3
Kh8 9. h4 h5 10. Bg5 Qe7 11. Bb3 e5 12. dxe5 dxe5 13. Nc4 e4 14. Nd4 Qe8 15.
O-O-O Nc6 16. Nxc6 Qxc6 17. Ne5 Qe8 18. Bf4 c6 19. Rd6 Kh7 20. Rhd1 Qe7 21.
R1d2 Bh6 22. Qc4 Bxf4 23. exf4 a5 24. Qd4 Ra6 25. g3 b5 26. Nxc6 Qg7 27. Ne5 a4
28. Rxa6 Bxa6 29. Bd1 Ng4 30. Bxg4 hxg4 31. Qb6 Rf6 32. Qd8 1-0

[Event "4NCL Division 3s"]
[Site "Daventry Court ENG"]
[Date "2014.02.15"]
[Round "5.245"]
[White "Hosken, Nigel K"]
[Black "Dydak, Mateusz"]
[Result "1-0"]
[WhiteElo "2133"]
[BlackElo "1915"]
[PlyCount "91"]
[EventDate "2014.02.15"]
[WhiteTeam "Gloucestershire Gambits"]
[BlackTeam "West is Best 2"]

1. d4 f5 2. g3 Nf6 3. Bg2 g6 4. Nf3 Bg7 5. O-O O-O 6. b4 d6 7. Bb2 Qe8 8. c4
Nc6 9. b5 Nd8 10. Nbd2 Nf7 11. d5 e5 12. dxe6 Qxe6 13. Nd4 Qe7 14. Qc2 Ne5 15.
Rae1 Qf7 16. f4 Ned7 17. e4 fxe4 18. Nxe4 Nxe4 19. Bxe4 Nb6 20. f5 g5 21. Ne6
Bxb2 22. Qxb2 Bxe6 23. fxe6 Qe7 24. Bxb7 Rxf1+ 25. Rxf1 Rf8 26. Bd5 Rxf1+ 27.
Kxf1 Na4 28. Qf2 Nc5 29. Qf5 Kg7 30. Qf7+ Qxf7+ 31. exf7 Nd7 32. Ke2 Ne5 33. h3
Nxf7 34. Bxf7 Kxf7 35. Ke3 Ke6 36. Ke4 h5 37. g4 hxg4 38. hxg4 Kf6 39. Kd5 Ke7
40. a4 Kd7 41. a5 a6 42. bxa6 c6+ 43. Ke4 Kc7 44. Kf5 c5 45. Ke6 Kc6 46. a7 1-0

[Event "4NCL Division 3s"]
[Site "Daventry Court ENG"]
[Date "2014.02.15"]
[Round "5.246"]
[White "Davies, Matthew"]
[Black "Martin, Peter"]
[Result "0-1"]
[WhiteElo "1944"]
[BlackElo "2081"]
[PlyCount "70"]
[EventDate "2014.02.15"]
[WhiteTeam "West is Best 2"]
[BlackTeam "Gloucestershire Gambits"]

1. d4 Nf6 2. c4 c5 3. d5 b5 4. cxb5 a6 5. bxa6 g6 6. Nc3 Bxa6 7. Nf3 d6 8. e4
Bxf1 9. Kxf1 Bg7 10. g3 Nbd7 11. Kg2 O-O 12. Qe2 Ne8 13. Bf4 f6 14. h4 Nc7 15.
Be3 f5 16. exf5 Rxf5 17. h5 Rxh5 18. Rxh5 gxh5 19. Ng5 Qe8 20. Rh1 h6 21. Nge4
Rb8 22. Bc1 Ne5 23. Rxh5 Qf7 24. Rh1 Nxd5 25. Bxh6 Nxc3 26. Nxc3 Nc4 27. Bc1
Ne5 28. Bf4 Nc6 29. Qc2 Bf6 30. Rh6 Nd4 31. Qd2 Bg7 32. Rh1 e5 33. Bh6 Qb7+ 34.
f3 Qxf3+ 35. Kg1 Qxg3+ 0-1

[Event "4NCL Division 3s"]
[Site "Daventry Court ENG"]
[Date "2014.02.15"]
[Round "5.247"]
[White "Lambourne, Daniel M"]
[Black "Woolcock, Craig"]
[Result "1-0"]
[WhiteElo "2013"]
[BlackElo "1908"]
[PlyCount "61"]
[EventDate "2014.02.15"]
[WhiteTeam "Gloucestershire Gambits"]
[BlackTeam "West is Best 2"]

1. d4 e6 2. Nf3 d5 3. c4 Nf6 4. Nc3 Bb4 5. e3 O-O 6. Bd2 c5 7. a3 cxd4 8. axb4
dxc3 9. Bxc3 dxc4 10. Bxc4 Qc7 11. Bd3 Nbd7 12. Qc2 h6 13. O-O Nd5 14. Nd4 N7f6
15. Nb5 Qb8 16. Bxf6 gxf6 17. Qc4 Qe5 18. Nc3 Nb6 19. Qg4+ Qg5 20. Ne4 e5 21.
Nxf6+ Kg7 22. Nh5+ Kg8 23. Qxg5+ hxg5 24. f4 Nd5 25. fxg5 Nxe3 26. Rf3 Nd5 27.
Nf6+ Nxf6 28. gxf6 Rd8 29. Ra5 Re8 30. Rg3+ Kf8 31. Bh7 1-0

[Event "4NCL Division 3s"]
[Site "Daventry Court ENG"]
[Date "2014.02.15"]
[Round "5.248"]
[White "Bridges, Paul L"]
[Black "Taylor, Geoffrey P"]
[Result "1-0"]
[WhiteElo "1855"]
[BlackElo "1900"]
[PlyCount "59"]
[EventDate "2014.02.15"]
[WhiteTeam "West is Best 2"]
[BlackTeam "Gloucestershire Gambits"]

1. e4 c5 2. Nc3 Nc6 3. f4 e6 4. Bc4 g6 5. Nf3 a6 6. d3 Bg7 7. O-O Nge7 8. Qe1
Na5 9. Bb3 Nxb3 10. axb3 d6 11. e5 d5 12. Ne2 b5 13. d4 Qb6 14. Qf2 c4 15. b4
h5 16. Bd2 Nf5 17. Nh4 Ne7 18. h3 Bd7 19. Ra3 O-O 20. g4 Kh7 21. gxh5 gxh5 22.
Ng3 Nc6 23. Bc3 Rg8 24. Kh2 Bf8 25. Qf3 Rg7 26. Nxh5 Rg6 27. Nxg6 Kxg6 28. Rg1+
Kh6 29. Nf6 Bg7 30. Qh5# 1-0

[Event "4NCL Division 3s"]
[Site "Daventry Court ENG"]
[Date "2014.02.15"]
[Round "5.255"]
[White "Ogunshola, Ben"]
[Black "Pugh, Derek C"]
[Result "1-0"]
[WhiteElo "2153"]
[BlackElo "2072"]
[PlyCount "97"]
[EventDate "2014.02.15"]
[WhiteTeam "The Pitstop"]
[BlackTeam "Bristol 2"]

1. Nf3 Nc6 2. g3 e5 3. d3 g6 4. Bg2 Bg7 5. O-O Nge7 6. c4 O-O 7. Nc3 f5 8. Bg5
h6 9. Bxe7 Nxe7 10. Nd2 Kh7 11. b4 Nc6 12. Rb1 Nd4 13. Nb3 c6 14. b5 Qe7 15. e3
Ne6 16. Re1 a5 17. Na4 Qa3 18. Nb6 Ra7 19. Qc2 Qe7 20. a4 Qd8 21. c5 d5 22.
Rec1 f4 23. Qd1 Ng5 24. Nxc8 Qxc8 25. Nd2 fxe3 26. fxe3 Nh3+ 27. Bxh3 Qxh3 28.
Qe2 h5 29. Rf1 Rxf1+ 30. Rxf1 Qd7 31. b6 Ra8 32. Kg2 Qe7 33. Nb3 d4 34. e4 Qe6
35. Qc2 h4 36. Rf3 h3+ 37. Kf2 Rf8 38. Rxf8 Bxf8 39. Nxa5 Bh6 40. Nc4 Qe7 41.
Qd1 Be3+ 42. Ke2 Qxc5 43. Qf1 Qe7 44. Qxh3+ Kg7 45. Qg4 Qb4 46. Qd7+ Kh6 47.
Qd8 Kg7 48. Qc7+ Kg8 49. Qb8+ 1-0